Score 0/20 Timer 05:00
1 Play Today
Lawsuit Movie % Correct
Estate of Mufasa v. Wildebeest herdThe Lion King
88.2%
Kingdom of Wakanda v. Ulysses KlaueBlack Panther
74.4%
White Star Lines v. Frigidaire Iceberg Corp.Titanic
74.3%
'Wet Bandits' v. McCallister & MarleyHome Alone
67.3%
Noland v. Federal ExpressCast Away
63.4%
Islamic Rep. of Iran v. Studio 6Argo
58.3%
Herr Zeller v. The Nuns of Nonnberg AbbeyThe Sound of Music
55.8%
Kintner v. Amity IslandJaws
55.2%
U.S Airways v. Flock of Canada GeeseSully
54.6%
Buddy Hobbs v. Gimbel's Dept. StoreElf
46.6%
Lawsuit Movie % Correct
Bridge House Estates v. Blackwood & MoriartySherlock Holmes
46.6%
Kingston Falls v. Peltzer, Wing & Unidentified MogwaiGremlins
46.3%
Lovell, Swigert & Haise v. Beech Aircraft CorporationApollo 13
43.5%
City and County of New York v. ScamanderFantastic Beasts and Where to Find Them
38.8%
Arendelle v. Southern IslesFrozen
36.6%
Empire State Realty Trust v. Denham, Driscoll & DarrowKing Kong
30.1%
Gotham v. Joker, King Kong, Voldemort, Sauron and Bruce the SharkThe Lego Batman Movie
26%
Intergalactic Galaxy Board v. Arquillian Royal FamilyMen In Black
20.5%
Kanata v. First Order Liability CompanyStar Wars: The Force Awakens
16.4%
Otterton v. BellweatherZootopia
14.4%
Remove Ads.
Support Sporcle.
Get the best of Sporcle when you Go Orange. This ad-free experience offers more features, more stats, and more fun while also helping to support Sporcle. Thank you for becoming a member.

You're not logged in!

Compare scores with friends on all Sporcle quizzes.
OR
Log In

Show Comments

Extras

Top Quizzes Today


Score Distribution

Your Account Isn't Verified!

In order to create a playlist on Sporcle, you need to verify the email address you used during registration. Go to your Sporcle Settings to finish the process.

Report this User

Report this user for behavior that violates our Community Guidelines.

Details: